00221nam a2200073Ia 4500008004100000100001600041245005400057260003600111190216s9999||||xx |||||||||||||| ||und|| aNagarajan K 0aVirus Diseas Of Potato In India And Their Central bIndian Council Og Agri Research